000 03432nkm0a2200577 4500
001 RU\NLR\BIBL_A\022672475
005 20251202131629.0
035 _a(NLR Aleph) 022672475
071 5 0 _d25 коп.
_9200000
090 _a88958
_c88958
100 _a20251125d1944 u y0rusy50 ca
101 0 _arus
102 _aRU
116 _aiiycxx bi ae
135 _acrcn 024anaba
181 0 _ab2
_bxb2e
181 0 _ai2
_bxxxe
182 0 _an
200 1 _aГимн Советского Союза
_eоткрытое письмо
203 _aИзображение
_aТекст
_bвизуальные
_cнепосредственные
210 _a[Москва]
_cИскусство
_d[1944]
_eМосква
_gЛит. изд-ва "Искусство"
215 _a1 л. (24 строки текста)
_cцв. литогр.
_d14,7х10,5
300 _aТекст С. В. Михалкова и Г. А. Эль-Регистана: "Союз нерушимый республик свободных Сплотила навеки Великая Русь ..."
300 _aЦенз. разрешение: Л24177
300 _aВ вып. дан.: Зак. 23
316 _aЭкз. РНБ на шифре Э ОИр679/5, Эот99752: 14,8х10,4 см
_5NLR: Э ОИр679/5
325 _aКопия доступна в Электрон. б-ке РНБ
327 0 _aТекст гимна СССР в прямоугольном обрамлении; вверху в центре лавровые ветви, серп и молот; внизу пятиконечная звезда
606 1 _aПочтовые открытки маркированные художественные
_yСССР
_z1941 - 1945
_2nlr_sh2
_3RU\NLR\AUTH\661531868
606 1 _aГосударственный гимн
_yСССР
_jОткрытки
_2nlr_sh1
_3RU\NLR\AUTH\66293768
686 1 _aЩ153(2)7-489
702 1 _aМихалков
_bС. В.
_cписатель
_f1913-2009
_gСергей Владимирович
_3RU\NLR\AUTH\7792
_4070
702 1 _aЭль-Регистан
_bГ. А.
_f1900-1945
_gГабриэль Аркадьевич
_3RU\NLR\AUTH\77126719
_4070
712 0 2 _a"Искусство", издательство
_cМосква
_3RU\NLR\AUTH\8810147805
_4650
712 0 2 _a"Искусство", издательство
_cМосква
_bЛитография
_3RU\NLR\AUTH\880602925
_4610
830 _aПоступление: 1944 г. Акт № 641/19 (Эот99558); 1944 г. Акт № 958/25 (Эот99752). АЯ ОЭФ
830 _aЛетопись изоизданий / ВКП. - Москва, 1948. - Вып. 1944, № 3-4. - С. 67: 44-2217 (?), 44-2218 (?), 44-2220 (?). Техника печати: литография двухцветн. АЯ ОЭФ
852 0 0 _aNLR
_bЭ
_jОИр679/5
_mЭот99558
852 0 0 _aNLR
_bЭ
_jОИр679/5
_mЭот99752
856 0 _uhttps://vivaldi.nlr.ru/lo500030028/view
856 1 _uhttps://vivaldi.nlr.ru/lo500030028/cover
856 2 _uhttps://vivaldi.nlr.ru/lo500030028/text
942 _cVISUAL
945 _aРоссийская национальная библиотека
980 _aNB
980 _aBV
981 1 7 _a(17) Изографические материалы
_b(17) Открытки